Juárez, su obra y su tiempo / (Registro nro. 2689)
[ vista simple ]
| 000 -LEADER | |
|---|---|
| fixed length control field | 01086cam a2200313 i 4500 |
| 001 - CONTROL NUMBER | |
| control field | 2689 |
| 003 - CONTROL NUMBER IDENTIFIER | |
| control field | Mx-PuUPA |
| 005 - DATE AND TIME OF LATEST TRANSACTION | |
| control field | 20260126100918.0 |
| 008 - FIXED-LENGTH DATA ELEMENTS--GENERAL INFORMATION | |
| fixed length control field | 140415s1972 mx gr 001 0 spa d |
| 040 ## - CATALOGING SOURCE | |
| Transcribing agency | Mx-PuUPA |
| Original cataloging agency | Mx-PuUPA |
| Language of cataloging | spa |
| Modifying agency | Mx-PuUPA |
| Description conventions | rda |
| 041 0# - LANGUAGE CODE | |
| Language code of text/sound track or separate title | spa |
| 043 ## - GEOGRAPHIC AREA CODE | |
| Geographic area code | n-mx--- |
| 100 1# - MAIN ENTRY--PERSONAL NAME | |
| Personal name | Sierra, Justo, 1848-1912, |
| 9 (RLIN) | 7139 |
| Relator term | autor |
| 245 10 - TITLE STATEMENT | |
| Title | Juárez, su obra y su tiempo / |
| Statement of responsibility, etc. | Justo Sierra ; edición anotada por Arturo Arnáiz y Freg |
| 250 ## - EDITION STATEMENT | |
| Edition statement | Primera edición |
| 264 #1 - PRODUCTION, PUBLICATION, DISTRIBUTION, MANUFACTURE, AND COPYRIGHT NOTICE | |
| Place of production, publication, distribution, manufacture | México, D.F. : |
| Name of producer, publisher, distributor, manufacturer | Universidad Nacional Autónoma de México, |
| Date of production, publication, distribution, manufacture, or copyright notice | 1972 |
| 300 ## - PHYSICAL DESCRIPTION | |
| Extent | 590 páginas ; |
| Dimensions | 24 cm |
| 336 ## - CONTENT TYPE | |
| Fuente | rdacontent |
| Content type term | texto |
| Content type code | txt |
| 337 ## - MEDIA TYPE | |
| Source | rdamedia |
| Media type term | sin medio |
| Media type code | n |
| 338 ## - CARRIER TYPE | |
| Source | rdacarrier |
| Carrier type term | volumen |
| Carrier type code | nc |
| 490 0# - SERIES STATEMENT | |
| Series statement | Nueva Biblioteca Mexicana ; |
| Volume/sequential designation | 32 |
| 600 10 - SUBJECT ADDED ENTRY--PERSONAL NAME | |
| Personal name | Juárez, Benito, |
| Dates associated with a name | 1806-1872 |
| 9 (RLIN) | 10213 |
| 651 #4 - SUBJECT ADDED ENTRY--GEOGRAPHIC NAME | |
| Geographic name | México |
| General subdivision | Historia |
| Chronological subdivision | 1821-1861 |
| 651 #4 - SUBJECT ADDED ENTRY--GEOGRAPHIC NAME | |
| Geographic name | México |
| General subdivision | Historia |
| Chronological subdivision | Intervención europea, 1861-1867 |
| 700 1# - ADDED ENTRY--PERSONAL NAME | |
| Personal name | Arnáiz y Freg, Arturo |
| Relator term | autor de notas |
| 942 ## - ADDED ENTRY ELEMENTS (KOHA) | |
| Source of classification or shelving scheme | Dewey Decimal Classification |
| Koha item type | Libro |
| Classification part | 972.07 |
| Item part | S57 |
| Withdrawn status | Lost status | Source of classification or shelving scheme | Damaged status | Not for loan | Collection code | Home library | Current library | Shelving location | Date acquired | Total Checkouts | Full call number | Barcode | Price effective from | Koha item type |
|---|---|---|---|---|---|---|---|---|---|---|---|---|---|---|
| Dewey Decimal Classification | General | Centro de Estudios Guadalupanos | Centro de Estudios Guadalupanos | Sala general | 03/12/2013 | 972.07 S57 1972 | 45116 | 03/12/2013 | Libro |